Les pilotes McLaren en Formule 1 - Statistiques

Statistiques générales
  • Ce quiz a été pris 1 901 fois
    659 depuis la dernière actualisation
  • Le résultat moyen est 21 sur 52
Statistiques - réponses
Nb de Grands Prix Saisons Nationalité Pilote % Correct
113 2019- Royaume-Uni Lando Norris
98%
31 2023- Australie Oscar Piastri
94%
96 1988-1993 Brésil Ayrton Senna
93%
107 1980, 1984-1989 France Alain Prost
92%
110 2007-2012 Royaume-Uni Lewis Hamilton
92%
94 2007, 2015-2018 Espagne Fernando Alonso
90%
44 2021-2022 Australie Daniel Ricciardo
86%
37 2019-2020 Espagne Carlos Sainz
83%
131 1993-2001 Finlande Mika Häkkinen
80%
87 2002-2006 Finlande Kimi Räikkönen
77%
136 2010-2017 Royaume-Uni Jenson Button
76%
58 1982-1985 Autriche Niki Lauda
73%
19 2013 Mexique Sergio Pérez
63%
1 1995 Danemark Jan Magnussen
60%
19 2014 Danemark Kevin Magnussen
60%
150 1996-2004 Royaume-Uni David Coulthard
52%
33 1966-1970 Nouvelle-Zélande Bruce McLaren
50%
49 1976-1978 Royaume-Uni James Hunt
48%
28 1974-1975 Brésil Emerson Fittipaldi
45%
35 2008-2009 Finlande Heikki Kovalainen
45%
26 2005-2006 Colombie Juan Pablo Montoya
45%
41 2016-2018 Belgique Stoffel Vandoorne
45%
1 1977 Canada Gilles Villeneuve
43%
13 1993 Etats-Unis Michael Andretti
40%
2 1995 Royaume-Uni Nigel Mansell
40%
6 1972-1973 Afrique du Sud Jody Scheckter
38%
16 1986 Finlande Keke Rosberg
38%
3 1978 Brésil Nelson Piquet
38%
86 1968-1974 Nouvelle-Zélande Denny Hulme
33%
48 1990-1992 Autriche Gerhard Berger
30%
49 1974-1977 Allemagne Jochen Mass
27%
1 1973 Belgique Jacky Ickx
26%
9 2005-2006 Espagne Pedro de la Rosa
25%
28 1978-1979 France Patrick Tambay
19%
73 1979-1985 Royaume-Uni John Watson
17%
1 2005 Autriche Alexander Wurz
16%
4 1970 Royaume-Uni John Surtees
15%
16 1994 Royaume-Uni Martin Brundle
15%
16 1987 Suède Stefan Johansson
14%
14 1981 Italie Andrea de Cesaris
12%
15 1995 Royaume-Uni Mark Blundell
12%
23 1972-1973 Etats-Unis Peter Revson
9%
1 1994 France Philippe Alliot
9%
3 1970 Etats-Unis Dan Gurney
8%
4 1970 Italie Andrea de Adamich
4%
1 1969 Royaume-Uni Derek Bell
4%
11 1974 Royaume-Uni Mike Hailwood
4%
14 1970-1971 Royaume-Uni Peter Gethin
4%
3 1972 Royaume-Uni Brian Redman
2%
6 1977-1978 Italie Bruno Giacomelli
2%
3 1971 Royaume-Uni Jackie Oliver
2%
2 1974 Royaume-Uni David Hobbs
1%
Aucun quiz correspondant
Distribution des résultats
% des personnes avec chaque résultat
Percentile par nombre de réponses
Votre historique - résultats
Vous n’avez pas pris ce quiz depuis la dernière actualisation